La causa en el derecho chileno.

Saved in:
書目詳細資料
主要作者: Rivera Restrepo, José Maximiliano (autor)
格式: 圖書
語言:西班牙语
出版: Santiago, Chile: Abeledo Perrot Legal Publishing Chile; Thomson Reuters, 2012
版:1a. edición.
主題:
標簽: 添加標簽
沒有標簽, 成為第一個標記此記錄!

MARC

LEADER 00000cam a2200000 a 4500
001 UCF0699
003 CL-VaPUC
005 20250108104736.0
008 120607e20120000CL |||||||||||||||||spa|d
999 |c 347880  |d 347878 
020 |a 978-956-346-190-9 
040 |c Pontificia Universidad Católica de Valparaíso 
082 0 4 |a 346.8302 RIV 2012  |2 21 
100 0 |a Rivera Restrepo, José Maximiliano  |e autor  |9 562439 
245 1 3 |a La causa en el derecho chileno. 
250 |a 1a. edición.  
260 |a Santiago, Chile:   |b Abeledo Perrot Legal Publishing Chile;   |b Thomson Reuters,   |c 2012 
300 |a 221 p 
583 |a last modification  |c 20180511 12:27:06  |k Rodrigo Vera 
650 0 |a Causa  |9 328431 
650 0 |a Derecho civil chileno  |9 320612 
650 0 |a Actos jurídicos  |9 255748 
650 0 |a Negocio jurídico  |9 258242 
650 0 |a Responsabilidad contractual  |9 256720 
942 |c BK  |2 ddc 
945 |d 20120607 00:00:00  |a cmena 
952 |0 0  |1 0  |4 0  |6 346_830200000000000_RIV_2012  |7 0  |8 A  |9 449588  |a BIBDER  |b BIBDER  |d 2019-11-22  |i 4872304  |l 1  |o 346.8302 RIV 2012  |p 4872304  |r 2023-12-18  |s 2023-12-18  |w 2019-11-22  |y BK  |k DER 
952 |0 0  |1 0  |2 ddc  |4 0  |6 346_830200000000000_RIV_2012  |7 1  |8 C_AGB  |9 583129  |a BIBDER  |b BIBDER  |d 2022-05-18  |i 5651278  |o 346.8302 RIV 2012  |p 5651278  |r 2023-01-25  |t 1  |w 2022-05-18  |y BK_US  |k AGB